000 00477cam a2200181ua 4500
020 _c1.00
041 _amal
_h
082 _a894.812809
_bKRI/VI
100 _aKrishna pillai, Kuttippuzha .
245 _aVimarsarasmi /
_cKuttippuzha Krishna pillai.
_hTextual Documents
250 _a1 /
_b.
260 _aKottayam :
_bSahitya Pravarthaka Co-operative Society ,
_c1957.
300 _a68 ; .
365 _a1.00
504 _a
942 _cBK
999 _c12803
_d12803